| Tag |
First Indicator |
Second Indicator |
Subfields |
| LEADER |
00000cam a2200000 a 4500 |
| 001 |
in00001007266 |
| 005 |
20150927215048.0 |
| 008 |
901031s1990 sdua b 00110 eng |
| 010 |
|
|
|a 90022408
|
| 020 |
|
|
|a 0929925092
|
| 035 |
|
|
|a (OCoLC)22731206
|
| 035 |
|
|
|9 AFD5690AM
|
| 040 |
|
|
|a DLC
|c DLC
|d TXA
|d UtOrBLW
|
| 043 |
|
|
|a n-us-sd
|
| 049 |
|
|
|a TXAM
|
| 050 |
0 |
0 |
|a E83.89
|b .K64 1990
|
| 082 |
0 |
0 |
|a 070.4/333/0978309034
|2 20
|
| 100 |
1 |
|
|a Kolbenschlag, George R.
|q (George Ronald),
|d 1936-
|
| 245 |
1 |
2 |
|a A whirlwind passes :
|b newspaper correspondents and the Sioux Indian disturbances of 1890-1891 /
|c George R. Kolbenschlag.
|
| 264 |
|
1 |
|a Vermillion, SD :
|b University of South Dakota Press,
|c 1990.
|
| 300 |
|
|
|a xii, 116 pages :
|b illustrations ;
|c 23 cm.
|
| 336 |
|
|
|a text
|b txt
|2 rdacontent
|
| 337 |
|
|
|a unmediated
|b n
|2 rdamedia
|
| 338 |
|
|
|a volume
|b nc
|2 rdacarrier
|
| 504 |
|
|
|a Includes bibliographical references (pages 109-113) and index.
|
| 650 |
|
0 |
|a Dakota Indians
|x Wars, 1890-1891.
|
| 650 |
|
0 |
|a Dakota Indians
|x History
|y 19th century
|x Sources.
|
| 650 |
|
0 |
|a Dakota Indians
|x Wars, 1890-1891
|x Journalists.
|
| 650 |
|
0 |
|a War correspondents
|z South Dakota
|z Pine Ridge Indian Reservation
|x History
|y 19th century.
|
| 999 |
|
|
|a MARS
|
| 999 |
f |
f |
|s ce4aa112-42e3-33a8-80db-78c358611ea5
|i 2f7605ed-1b8a-37b8-8f00-0002825e8f51
|t 0
|
| 952 |
f |
f |
|p ric
|a Texas A&M University
|b Rellis Campus
|c Joint Library Facility
|d Remote Storage
|t 0
|e E83.89 .K64 1990
|h Library of Congress classification
|i unmediated -- volume
|m A14814375901
|
| 998 |
f |
f |
|a E83.89 .K64 1990
|t 0
|l Remote Storage
|